| 000 | 00580nam a22001697a 4500 | ||
|---|---|---|---|
| 005 | 20251108171835.0 | ||
| 008 | 250721s1986 xx 000 0 ara d | ||
| 082 | 1 | 4 | _aم/016.3014314/فتو |
| 100 | 1 | _aعوده، أبو الفتوح حامد | |
| 245 | 1 | 0 | _aالببليوغرافيا الشاملة للطفولة في ربع قرن حتى 1981 / |
| 264 | 1 |
_aالقاهره : _bالهيئة المصرية العامة للكتاب، _c1986. |
|
| 300 | _a2مج | ||
| 650 | 1 | 7 | _aالكتب |
| 650 | 1 | 7 | _aالرسائل الجامعية |
| 942 |
_2ddc _cREF |
||
| 999 |
_c64006 _d64006 |
||